=LDR 00000nam 2200000 4500 =001 INLIS000000000045730 =005 20250429083830 =035 ##$$a 0010-021500000000290 =008 250429################g##########0#ind## =020 ##$$a 979-763-113-3 =040 ##$$a NBPDMAT =082 ##$$a 658.404 =090 ##$$a 658.404 $b Wul m =100 #$$a Wulfram I. Ervianto =245 1#$$a Manajemen proyek konstruksi /$c Wulfram I. Ervianto =250 ##$$a Cet. 3 =260 ##$$a Yogyakarta :$b Andi,$c 2013 =300 ##$$a xii, 270 hlm. ; $c 21 cm =500 ##$$a Bibliografi : hal. 269 =650 #4$$a Manajemen Proyek =084 ##$$a 658.404 WUL m =990 ##$$a 21419632 =990 ##$$a 21419633 =990 ##$$a 21419634 =990 ##$$a 21419635 =990 ##$$a 21419636 =990 ##$$a 20707495 =990 ##$$a 20707492 =990 ##$$a 20707492 =990 ##$$a 21419632 =990 ##$$a 21419633 =990 ##$$a 21419634 =990 ##$$a 21419635 =990 ##$$a 21419636 =990 ##$$a 20707495